| 000 | 00883nas a2200229 a 4500 | ||
|---|---|---|---|
| 003 | OSt | ||
| 005 | 20190812145926.0 | ||
| 007 | cb e | ||
| 008 | 030604c2016 esp r 00011 spa d | ||
| 022 | _a2519-5077 | ||
| 040 | _cBMC | ||
| 082 | _a001.47284 | ||
| 100 | 1 |
_939381 _aSalinas de Alens, Doris Ruth |
|
| 245 | 1 | 0 |
_aCapacidades de investigación de las instituciones de educación superior y gobierno 2018 El Salvador _c[Doris Ruth Salinas de Alens, María Isabel Quintanilla de Campos, Sonia Montoya de Lesdesma] |
| 260 |
_aSan Salvador, El Salvador _bConsejo Nacional de Ciencia y Tecnología _cNoviembre 2018 |
||
| 300 |
_a126 p. _c28 cm |
||
| 490 | _aCiencia y tecnología | ||
| 650 | 0 |
_aInvestigación _94874 _zEl Salvador |
|
| 700 | 1 |
_943931 _aQuintanilla de Campos, María Isabel |
|
| 700 | 1 |
_939382 _aMontoya de Ledesma, Sonia |
|
| 942 |
_2ddc _cPR _hprozim |
||
| 999 |
_c30806 _d30806 |
||